CPA reviewer in taxation (Record no. 67894)

MARC details
000 -LEADER
fixed length control field 00514nam a22001697a 4500
005 - DATE AND TIME OF LATEST TRANSACTION
control field 20230124160414.0
040 ## - CATALOGING SOURCE
Transcribing agency urs
050 ## - LIBRARY OF CONGRESS CALL NUMBER
Classification number KF 5617 T21 A47 2012
100 ## - MAIN ENTRY--PERSONAL NAME
9 (RLIN) 3421
Personal name Ampongan, Omar Erasmo G.
Relator term author
245 ## - TITLE STATEMENT
Title CPA reviewer in taxation
Statement of responsibility, etc Omar Erasmo G. Ampongan
260 ## - PUBLICATION, DISTRIBUTION, ETC. (IMPRINT)
Place of publication, distribution, etc [S.l. :
Name of publisher, distributor, etc s.n.]
Date of publication, distribution, etc 2012
336 ## - CONTENT TYPE
Source rdacontent
Content type term text
Content type code txt
337 ## - MEDIA TYPE
Source rdamedia
Media type term unmediated
Media type code n
338 ## - CARRIER TYPE
Source rdacarrier
Carrier type term volume
Carrier type code nc
690 ## - LOCAL SUBJECT ADDED ENTRY--TOPICAL TERM (OCLC, RLIN)
9 (RLIN) 2920
Topical term or geographic name as entry element Taxation
Topical term following geographic name as entry element Philippines
Form subdivision Examinations, questions, etc.
942 ## - ADDED ENTRY ELEMENTS (KOHA)
Source of classification or shelving scheme Library of Congress Classification
Koha item type Filipiniana
Holdings
Withdrawn status Lost status Source of classification or shelving scheme Damaged status Not for loan Home library Current library Shelving location Date acquired Total Checkouts Full call number Barcode Date last seen Price effective from Koha item type
    Library of Congress Classification     Binangonan College Library Binangonan College Library Filipiniana Section 01/24/2023   KF 5617 T21 A47 2012 URSBIN-1686 01/24/2023 01/24/2023 Filipiniana

University of Rizal System
Email us at univlibservices@urs.edu.ph

Visit our Website www.urs.edu.ph/library